000 00667nam a2200193Ia 4500
008 151121s9999||||xx |||||||||||||| ||und||
082 _a891।22/भट
082 _bHNW-53500
100 _aभट गो। के।
245 _aसंस्कृत नाटंासृष्टी
260 _b"कॉन्टिनेंटल प्रकाशन, पुणे।"
260 _c--
300 _a217
600 _aभट गो। के।
630 _aसंस्कृत नाटंासृष्टी
700 _aभट गो। के।
730 _aसंस्कृत नाटंासृष्टी
942 _cBOOK
999 _c1237107
_d1237104